Деформационная структура меди и стали Гадфильда около поверхности трения; Иерархические материалы: разработка и приложения для новых технологий и надежных конструкций

Bibliografske podrobnosti
Parent link:Иерархические материалы: разработка и приложения для новых технологий и надежных конструкций.— 2018.— [С. 134-135]
Drugi avtorji: Лычагин Д. В. Дмитрий Васильевич, Чумаевский А. В., Калашников М. П. Марк Петрович, Фортуна С. В., Лычагина Л. Л., Цветков Н. А.
Izvleček:Заглавие с экрана
Режим доступа: по договору с организацией-держателем ресурса
Jezik:ruščina
Izdano: 2018
Serija:Неустойчивость и локализация деформации и разрушения в материалах с иерархической структурой
Teme:
Online dostop:https://elibrary.ru/item.asp?id=36748794
http://dx.doi.org/10.17223/9785946217408/75
Format: MixedMaterials Elektronski Book Chapter
KOHA link:https://koha.lib.tpu.ru/cgi-bin/koha/opac-detail.pl?biblionumber=659823

MARC

LEADER 00000naa2a2200000 4500
001 659823
005 20251119165341.0
035 |a (RuTPU)RU\TPU\network\28632 
035 |a RU\TPU\network\28608 
090 |a 659823 
100 |a 20190402a2018 k y0rusy50 ca 
101 0 |a rus 
102 |a RU 
135 |a drgn ---uucaa 
181 0 |a i  
182 0 |a b 
200 1 |a Деформационная структура меди и стали Гадфильда около поверхности трения  |f Д. В. Лычагин [и др.] 
203 |a Текст  |c электронный 
225 1 |a Неустойчивость и локализация деформации и разрушения в материалах с иерархической структурой 
300 |a Заглавие с экрана 
333 |a Режим доступа: по договору с организацией-держателем ресурса 
463 0 |0 (RuTPU)RU\TPU\network\28560  |t Иерархические материалы: разработка и приложения для новых технологий и надежных конструкций  |o международный симпозиум, 1-5 октября 2018 года, Томск, Россия  |o тезисы докладов международной конференции "Перспективные материалы с иерархической структурой для новых технологий и надежных конструкций"  |o тезисы докладов международной конференции "Химия нефти и газа"  |f Российская академия наук (РАН), Сибирское отделение (СО), Институт физики прочности и материаловедения (ИФПМ) ; Российская академия наук (РАН), Сибирское отделение (СО), Институт химии нефти (ИХН) ; Национальный исследовательский Томский политехнический университет (ТПУ)  |v [С. 134-135]  |d 2018 
610 1 |a электронный ресурс 
610 1 |a труды учёных ТПУ 
610 1 |a деформационные структуры 
610 1 |a медь 
610 1 |a сталь Гадфильда 
610 1 |a поверхности трения 
610 1 |a пластические деформации 
610 1 |a субструктуры 
610 1 |a кристаллографическая ориентация 
610 1 |a напряжения 
701 1 |a Лычагин  |b Д. В.  |c специалист в области машиностроения  |c профессор Юргинского технологического института (филиала) Томского политехнического университета, доктор физико-математических наук  |f 1957-  |g Дмитрий Васильевич  |9 14858 
701 1 |a Чумаевский  |b А. В. 
701 1 |a Калашников  |b М. П.  |c физик  |c инженер Томского политехнического университета  |g Марк Петрович  |3 (RuTPU)RU\TPU\pers\31797  |9 15908 
701 1 |a Фортуна  |b С. В. 
701 1 |a Лычагина  |b Л. Л. 
701 1 |a Цветков  |b Н. А. 
801 2 |a RU  |b 63413507  |c 20191118  |g RCR 
856 4 |u https://elibrary.ru/item.asp?id=36748794 
856 4 |u http://dx.doi.org/10.17223/9785946217408/75 
942 |c CF